000 03099njm a2200613 i 4500
001 196095
003 ES-MaACL
005 20250904042257.0
007 sd*fsngnnmmned
008 240209s2006 sp opn d / fre
015 _aSON06
017 _aM 48050-2006
_bOficina Depósito Legal Madrid
020 _a9788496832183
035 _a(OCoLC)733210509
035 _a(SpMaBN)a4579714
040 _aSpMaBN
_bspa
_cSpMaBN
_erdc
100 1 _aMassenet, Jules,
_d1842-1912
_9240595
_ecmt
240 1 0 _aManon
245 1 0 _aManon /
_cMassenet ; libreto de Henri Meilhac y Philippe Gille
_h[Grabación sonora]
260 _aMadrid :
_bPrisa Innova,
_cD.L. 2006
264 _a©2007
300 _a2 discos (CD Audio) +
_e1 libro (108 páginas)
336 _2rdacontent
_amúsica (interpretada)
337 _2rdamedia
_aaudio
338 _2rdacarrier
_avolumen
490 1 _aLos clásicos de la ópera, 400 años ;
_v19
500 _aRemasterizado
511 1 _aVictoria de los Ángeles, Henri Legay, Michel Dens, Jean Borthayre, René Hérent, Jean Vieuille, Liliane Berton, Raymonde Notti, Marthe Serres ; Coros y Orquesta del Teatro Nacional de la Ópera Cómica ; Pierre Monteux, director musical.
518 _aGrabado en la Salle de la Mutualité, París, en mayo y junio de 1955
520 _aBasada en la novela del abate Prévost La verdadera historia del caballero Des Grieux y de Manon Lescaut, inspirada a su vez en personajes reales, la Manon de Massenet, estrenada en París el 19 de enero de 1884, revoluciona decididamente los esquemas de la ópera cómica francesa, si bien su autor no renuncia a dotar a su obra de arias y concertantes de un efecto arrebatador.
650 7 _aÓperas-
_9137584
_vLibretos
655 7 _aLibretos
_2
_9242219
700 1 _aMeilhac, Henri,
_d1831-1897
_9235569
_elbt
700 1 _aGille, Philippe,
_d1831-1901-
_tManon-
_lEspañol-Francés
_9238192
_elbt
700 1 _aVictoria de los Ángeles,
_d1923-2005
_9237868
_eprf
700 1 _aLegay, Henri,
_d1920-1992
_9238193
_eprf
700 1 _aDens, Michel,
_d1911-2000
_9238194
_eprf
700 1 _aBorthayre, Jean,
_d1902-1984
_9238195
_eprf
700 1 _aHérent, René,
_d1897-1966
_9238196
_eprf
700 1 _aVieuille, Jean,
_d1902-1967
_9238197
_eprf
700 1 _aBerton, Liliane,
_d1924-2009
_9238198
_eprf
700 1 _aNotti, Raymonde
_9238199
_eprf
700 1 _aSerres, Marthe
_9238200
_eprf
700 1 _aMonteux, Pierre,
_d1875-1964
_9238201
_emsd
710 2 _aOrchestre du Théâtre National de l'Opéra Comique (París)
_9238202
710 2 _aChoeur du Théâtre National de l'Opéra Comique (París)
_9238203
852 _aES-MaACL
_bR.155029
_cDEPOJ
_jN-9814
_hDonación: Miren Fernández
_xEncuadernación cartoné
_pVolumen 19
_9205653
903 _aFernández, Miren
_ednr
942 _cMONOGRAFIA
_n0
999 _c196095
_d196095